000 00577nam a22001937a 4500
005 20250808114621.0
010 _aENG-146387
020 _c280.00
_a9789361632297
035 _aEN-129919
037 _bDBAD
082 _a547
_21
100 _aDhannalakshmi, R.
_983976
245 _aTRB Organic Chemistry Book/
_cR. Dhannalakshmi
250 _a1
260 _aMadurai
_bShanlax Publications
_c2025
270 _a61, T.P.K., Main Road, Vasantha Nagar
_bMadurai
_e625003
_mshanlax_1990@yahoo.com
300 _a241p.
_c25cm(pb)
942 _2ddc
_cEN
_h547
_mDHA
999 _c212960
_d212960